000 00515nam a2200169Ia 4500
003 OSt
005 20201009114747.0
008 190216s9999||||xx |||||||||||||| ||und||
040 _coclc
082 _a657.1
_bKOR/C
100 _aKoroth, Abdul Assis
_91079
245 0 _aComputerised Accounting With Tally /
_cAbdul Assis Koroth
260 _bCalicut University Central Co-Operative,
_aCalicut:
_c2007.
300 _a340p
650 _aComputer
942 _cBK
_2ddc
_h657.1
_iKOR/C
_k657.1
_mKOR/C
999 _c8995
_d8995